Teatro. (Record no. 105680)

MARC details
000 -LEADER
campo de control de longitud fija 00737nam a2200229 i 4500
001 - NÚMERO DE CONTROL
campo de control 105680
003 - IDENTIFICADOR DE NÚMERO DE CONTROL
campo de control ES-MaACL
005 - FECHA Y HORA DE LA ÚLTIMA TRANSACCIÓN
campo de control 20250824064631.0
007 - CAMPO FIJO DE DESCRIPCIÓN FÍSICA--INFORMACIÓN GENERAL
campo de control de longitud fija t|
008 - DATOS DE LONGITUD FIJA--INFORMACIÓN GENERAL
campo de control de longitud fija 060807s1960 ag |||| | spa d
080 ## - NÚMERO DE LA CLASIFICACIÓN DECIMAL UNIVERSAL
Número de la Clasificación Decimal Universal 821.133.1-2"19"
100 1# - ENTRADA PRINCIPAL--NOMBRE DE PERSONA
Nombre de persona Camus, Albert,
Fechas asociadas al nombre 1913-1960
9 (RLIN) 240798
245 10 - MENCIÓN DEL TÍTULO
Título Teatro.
Número de parte o sección de la obra 2,
Nombre de parte o sección de la obra Los poseídos /
Mención de responsabilidad, etc. Albert Camus ; traducción de Victoria Ocampo.
260 ## - PUBLICACIÓN, DISTRIBUCIÓN, ETC.
Lugar de publicación, distribución, etc. Buenos Aires :
Nombre del editor, distribuidor, etc. Losada,
Fecha de publicación, distribución, etc. [1960]
300 ## - DESCRIPCIÓN FÍSICA
Extensión 143 p. ;
Dimensiones 21 cm.
490 1# - MENCIÓN DE SERIE
Mención de serie Gran teatro del mundo
700 1# - ENTRADA AGREGADA--NOMBRE PERSONAL
Nombre de persona Ocampo, Victoria,
Fechas asociadas al nombre 1890-1979
9 (RLIN) 86446
740 42 - ENTRADA AGREGADA--TÍTULO RELACIONADO/ANALÍTICO NO CONTROLADO
Título relacionado o analítico no controlado Los poseídos.
830 00 - PUNTO DE ACCESO ADICIONAL DE SERIE-TÍTULO UNIFORME
Título uniforme Gran teatro del mundo (Losada)
9 (RLIN) 184853
852 ## - LOCALIZACIÓN
Ubicación ES-MaACL
Número de control de estantería AND-493
Nota libre . - Biblioteca Juan Andrade
Holdings
Estatus retirado Estado de pérdida Estado de daño No para préstamo Biblioteca de origen Biblioteca actual Ubicación en estantería Fecha de adquisición Fuente de adquisición Total de préstamos Signatura topográfica completa Código de barras Visto por última vez Precio de reemplazo Tipo de ítem Koha
        Biblioteca del Ateneo de Madrid Biblioteca del Ateneo de Madrid Depósito 2 17/01/2008     AND-493 1110332 23/02/2023 23/02/2023 Libro impreso